[Event "BRA-ch U26"]
[Site "Joinville"]
[Date "2023.10.10"]
[Round "2"]
[White "Andrade, Guilherme A de Sou"]
[Black "De Carli Filho, Carlos"]
[Result "1-0"]
[WhiteElo "1964"]
[BlackElo "2038"]
[PlyCount "64"]
[EventDate "2023.10.09"]
[EventType "swiss"]
[EventRounds "6"]
[EventCountry "BRA"]
[SourceTitle "Mega2024 Update 01"]
[Source "Chessbase"]
[SourceDate "2023.11.12"]
[SourceVersion "1"]
[SourceVersionDate "2023.11.12"]
[SourceQuality "1"]

1. e4 c5 2. Nf3 e6 3. d4 cxd4 4. Nxd4 Nc6 5. Nc3 Qc7 6. Be3 a6 7. Qd2 Nf6 8. 0-0-0 Bb4 9. f3 0-0 10. g4 b5 11. Kb1 Bb7 12. g5 Nh5 13. Nb3 Rfc8 14. a3 Be7 15. Qxd7 Qb8 16. Qd2 b4 17. axb4 Bxb4 18. Bc5 a5 19. Qd6 Ne5 20. Bxb4 axb4 21. Qxb4 Qa7 22. Qd4 Nxf3 23. Qxa7 Rxa7 24. Be2 Nxg5 25. Bxh5 Nxe4 26. Nb5 Ra4 27. Bxf7+ Kh8 28. Bxe6 Rb8 29. Rhe1 Rb4 30. Nd6 Nxd6 31. Rxd6 Be4 32. Rd4 Rxd4 1-0

[Event "Florianopolis op 9th"]
[Site "Florianopolis"]
[Date "2023.01.27"]
[Round "7"]
[White "Zampronha, Wladimir Camilo"]
[Black "Andrade, Guilherme A de Sou"]
[Result "1-0"]
[WhiteElo "2164"]
[BlackElo "1913"]
[PlyCount "91"]
[EventDate "2023.01.23"]
[EventType "swiss"]
[EventRounds "10"]
[EventCountry "BRA"]
[SourceTitle "CBM 212 Extra"]
[Source "ChessBase"]
[SourceDate "2023.03.31"]
[SourceVersion "1"]
[SourceVersionDate "2023.03.31"]
[SourceQuality "1"]

1. e4 c5 2. Nf3 e6 3. d4 cxd4 4. Nxd4 a6 5. Bd3 Nf6 6. Nc3 Qc7 7. 0-0 Nc6 8. Be3 Bd6 9. Nxc6 dxc6 10. f4 e5 11. f5 Qe7 12. Qf3 Bc5 13. Nd1 b5 14. g4 h6 15. Nf2 Bb7 16. a4 Rd8 17. Rfd1 Nd7 18. Bf1 Bxe3 19. Qxe3 Qc5 20. Qxc5 Nxc5 21. axb5 cxb5 22. b4 Na4 23. Rxd8+ Kxd8 24. c4 Bc6 25. Nd3 Re8 26. Nc5 Nxc5 27. bxc5 bxc4 28. Bxc4 Bxe4 29. Bxf7 Re7 30. Bc4 Bf3 31. h3 Rc7 32. Ra5 Bb7 33. Kf2 Ke7 34. Ke3 Kf6 35. Bxa6 Bg2 36. h4 h5 37. Be2 Bh3 38. Ra6+ Kf7 39. g5 Bxf5 40. Bxh5+ g6 41. Be2 Rxc5 42. h5 Rc3+ 43. Kd2 Rc2+ 44. Kd1 Rxe2 45. Rf6+ Kg7 46. h6+ 1-0

[Event "Cuiaba Contaud op"]
[Site "Cuiaba"]
[Date "2022.10.29"]
[Round "8"]
[White "Paredes Lagos, Anthony Javier"]
[Black "Andrade, Guilherme A de Sou"]
[Result "1-0"]
[WhiteElo "2211"]
[BlackElo "1887"]
[PlyCount "67"]
[EventDate "2022.10.25"]
[EventType "swiss"]
[EventRounds "9"]
[EventCountry "BRA"]
[SourceTitle "EXT 2024"]
[Source "ChessBase"]
[SourceDate "2023.10.10"]
[SourceVersion "1"]
[SourceVersionDate "2023.10.10"]
[SourceQuality "1"]

1. d4 Nf6 2. g3 d5 3. c4 c6 4. Bg2 g6 5. Nf3 Bg7 6. 0-0 0-0 7. Nc3 Bg4 8. Ne5 dxc4 9. Nxg4 Nxg4 10. e3 Nf6 11. Qe2 Nbd7 12. Qxc4 Nb6 13. Qb3 Qd7 14. a4 Nbd5 15. e4 Nxc3 16. bxc3 b6 17. h3 Rfd8 18. Be3 Ne8 19. Rad1 Nc7 20. f4 Rac8 21. f5 Rf8 22. Rd2 gxf5 23. Rxf5 Qe6 24. c4 Bh6 25. d5 cxd5 26. cxd5 Qg6 27. Rdf2 Ne8 28. Bxh6 Qxh6 29. e5 Qc1+ 30. Kh2 Ng7 31. R5f3 Qe1 32. Qb2 Qc1 33. Qa2 Qc5 34. Qe2 1-0

[Event "Cuiaba Contaud op"]
[Site "Cuiaba"]
[Date "2022.10.27"]
[Round "4"]
[White "Federzoni, Enzo"]
[Black "Andrade, Guilherme A de Sou"]
[Result "1-0"]
[WhiteElo "2139"]
[BlackElo "1887"]
[PlyCount "69"]
[EventDate "2022.10.25"]
[EventType "swiss"]
[EventRounds "9"]
[EventCountry "BRA"]
[SourceTitle "EXT 2024"]
[Source "ChessBase"]
[SourceDate "2023.10.10"]
[SourceVersion "1"]
[SourceVersionDate "2023.10.10"]
[SourceQuality "1"]

1. e4 c5 2. Nf3 e6 3. d4 cxd4 4. Nxd4 a6 5. Bd3 Nf6 6. 0-0 Qc7 7. Qe2 d6 8. f4 g6 9. f5 Bg7 10. Bg5 0-0 11. Nd2 Nc6 12. Nxc6 bxc6 13. e5 dxe5 14. fxg6 fxg6 15. Bxf6 Rxf6 16. Rxf6 Bxf6 17. Ne4 Bg7 18. Rf1 Qe7 19. Qf2 Bd7 20. Qb6 Bc8 21. Kh1 Bd7 22. Bxa6 Be8 23. Bc4 Ra4 24. Qb3 Rb4 25. Qa3 c5 26. Qa6 Kh8 27. b3 h6 28. Qc8 Rxc4 29. bxc4 Kh7 30. Qxc5 Qh4 31. Nd6 Ba4 32. Qc7 e4 33. Qc5 h5 34. Qe3 Qd8 35. Nxe4 1-0

[Event "Campo Grande"]
[Site "Campo Grande"]
[Date "2022.06.05"]
[Round "4"]
[White "Souza dos Santos, Matheus Garcett"]
[Black "Andrade, Guilherme A de Sou"]
[Result "0-1"]
[WhiteElo "2034"]
[BlackElo "1860"]
[PlyCount "108"]
[EventDate "2022.06.03"]
[EventType "tourn"]
[EventRounds "5"]
[EventCountry "BRA"]
[SourceTitle "EXT 2024"]
[Source "ChessBase"]
[SourceDate "2023.10.10"]
[SourceVersion "1"]
[SourceVersionDate "2023.10.10"]
[SourceQuality "1"]

1. e4 c5 2. Nf3 e6 3. d4 cxd4 4. Nxd4 a6 5. Bd3 Bc5 6. Nb3 Ba7 7. 0-0 Nc6 8. Qg4 Qf6 9. Bg5 Qg6 10. Qh4 Ne5 11. Kh1 Nxd3 12. cxd3 Nf6 13. Nc3 h6 14. f4 Rg8 15. Bxf6 gxf6 16. Qh3 b5 17. Rf3 Qh7 18. f5 Ke7 19. Raf1 b4 20. fxe6 bxc3 21. Rxf6 dxe6 22. Rxh6 Qg7 23. Rh7 Qg5 24. Rhxf7+ Ke8 25. Qf3 e5 26. Rf8+ Rxf8 27. Qxf8+ Kd7 28. Rf7+ Ke6 29. Qe8+ Kd6 30. Qf8+ Ke6 31. Rg7 Qf6 32. Qe8+ Kd6 33. Rg6 Be6 34. Rxf6 Rxe8 35. bxc3 Ke7 36. Rf1 Rd8 37. Rf3 Rc8 38. c4 Rd8 39. h3 Bb6 40. g4 a5 41. Kg2 a4 42. Na1 Bc5 43. Rf1 Rb8 44. g5 Rb2+ 45. Kf3 Bxh3 46. Rc1 Rxa2 47. Nc2 a3 48. Ne3 Rb2 49. Nd5+ Kf7 50. Kg3 Be6 51. Rf1+ Bf2+ 52. Kg2 Kg7 53. Kf3 a2 54. Nc7 Bd7 0-1

[Event "Florianopolis op 8th"]
[Site "Florianopolis"]
[Date "2022.01.27"]
[Round "6"]
[White "Andrade, Guilherme A de Sou"]
[Black "Dias, Juliane de Oliveira"]
[Result "1/2-1/2"]
[WhiteElo "1880"]
[BlackElo "1663"]
[PlyCount "130"]
[EventDate "2022.01.24"]
[EventType "swiss"]
[EventRounds "10"]
[EventCountry "BRA"]
[SourceTitle "CBM 206 Extra"]
[Source "ChessBase"]
[SourceDate "2022.03.31"]
[SourceVersion "1"]
[SourceVersionDate "2022.03.31"]
[SourceQuality "1"]

1. d4 d5 2. c4 e6 3. cxd5 exd5 4. Nc3 Nf6 5. Bg5 Be7 6. e3 0-0 7. Bd3 Be6 8. Qc2 h6 9. Bh4 Nbd7 10. Nge2 c5 11. dxc5 Nxc5 12. 0-0 Nxd3 13. Qxd3 g5 14. Bg3 Qb6 15. Nd4 Rac8 16. Nxe6 Qxe6 17. Rad1 Rfd8 18. Nb5 a6 19. Nd4 Qe4 20. h3 Bf8 21. Bh2 Rd7 22. a3 Bg7 23. Nf5 Qxd3 24. Rxd3 Rc2 25. Be5 Rc6 26. Rfd1 Bf8 27. f3 Kh7 28. Bc3 Kg6 29. Nd4 Rc8 30. Ne2 Rcd8 31. Bd4 Bg7 32. Nc3 Nh5 33. Bxg7 Kxg7 34. Rxd5 Rxd5 35. Rxd5 Rxd5 36. Nxd5 Ng3 37. Kf2 Nf5 38. Nc3 Nd6 39. b3 f5 40. Ke2 Kf6 41. Kd3 Ke5 42. g3 f4 43. exf4+ gxf4 44. g4 b5 45. h4 Nf7 46. Ne4 Kd5 47. g5 hxg5 48. Nxg5 Nh6 49. Kc3 a5 50. Kd3 Ke5 51. Nh3 Nf5 52. h5 Nh6 53. Nf2 Nf7 54. Ng4+ Kf5 55. h6 Ng5 56. Ke2 Kg6 57. a4 bxa4 58. bxa4 Ne6 59. Ne5+ Kxh6 60. Nc6 Nc5 61. Nxa5 Nxa4 62. Kd3 Nc5+ 63. Kd4 Ne6+ 64. Ke4 Ng5+ 65. Kxf4 Nxf3 1/2-1/2

[Event "Florianopolis op 8th"]
[Site "Florianopolis"]
[Date "2022.01.25"]
[Round "3"]
[White "Muraoka, Karoline Aimy"]
[Black "Andrade, Guilherme A de Sou"]
[Result "0-1"]
[WhiteElo "1543"]
[BlackElo "1880"]
[PlyCount "70"]
[EventDate "2022.01.24"]
[EventType "swiss"]
[EventRounds "10"]
[EventCountry "BRA"]
[SourceTitle "EXT 2023"]
[Source "ChessBase"]
[SourceDate "2022.10.05"]
[SourceVersion "1"]
[SourceVersionDate "2022.10.05"]
[SourceQuality "1"]

1. e4 c5 2. Nf3 Nc6 3. d4 cxd4 4. Nxd4 g6 5. Nc3 Bg7 6. Be3 Nf6 7. f3 0-0 8. Nb3 d6 9. Qd2 Bd7 10. 0-0-0 Rc8 11. h4 h5 12. Bh6 Ne5 13. Bxg7 Kxg7 14. Be2 Rh8 15. Kb1 a5 16. Nd4 Nc4 17. Bxc4 Rxc4 18. Nce2 a4 19. Qe3 Qa5 20. f4 e5 21. fxe5 Qxe5 22. Qd3 Rhc8 23. b3 R4c7 24. Ng3 a3 25. c4 b5 26. Rc1 bxc4 27. bxc4 Kh7 28. Rc2 Rb7+ 29. Nb3 Be6 30. Qc3 Rxc4 31. Qxe5 dxe5 32. Rxc4 Bxc4 33. Rh3 Be6 34. Rh1 Bxb3 35. axb3 Rxb3+ 0-1

[Event "Campo Grande Radio Clube op 2nd"]
[Site "Campo Grande"]
[Date "2021.12.04"]
[Round "3"]
[White "Andrade, Guilherme A de Sou"]
[Black "Cristino, Felipe Borges"]
[Result "1/2-1/2"]
[WhiteElo "1802"]
[BlackElo "1895"]
[PlyCount "77"]
[EventDate "2021.12.02"]
[EventType "swiss"]
[EventRounds "5"]
[EventCountry "BRA"]
[SourceTitle "CBM 205 Extra"]
[Source "ChessBase"]
[SourceDate "2022.01.31"]
[SourceVersion "1"]
[SourceVersionDate "2022.01.31"]
[SourceQuality "1"]

1. d4 Nf6 2. c4 g6 3. Nc3 Bg7 4. e4 d6 5. h3 0-0 6. Be3 c5 7. d5 Na6 8. Nf3 Nc7 9. Bd3 a6 10. a4 Rb8 11. 0-0 b5 12. e5 Nd7 13. exd6 exd6 14. Bf4 Ne5 15. Nxe5 dxe5 16. Bh2 f5 17. f3 Qd6 18. Re1 a5 19. Qd2 Ba6 20. Re2 Rbe8 21. Rae1 Re7 22. b3 Ne8 23. Bg3 Rff7 24. Kh1 h5 25. Bh4 Bf6 26. Bg5 Kg7 27. Bh6+ Kg8 28. Bg5 Ng7 29. Bc2 Rf8 30. Rd1 Ne8 31. Bb1 Rd7 32. Rde1 Re7 33. Bc2 Bxg5 34. Qxg5 Ng7 35. Kg1 Rfe8 36. Bb1 Kh7 37. Kh1 Rh8 38. h4 Rhe8 39. Kg1 1/2-1/2

[Event "BRA-ch 87th"]
[Site "Cuiaba"]
[Date "2021.10.28"]
[Round "1"]
[White "Lima, Darcy Gustavo Macha"]
[Black "Andrade, Guilherme A de Sou"]
[Result "1-0"]
[WhiteElo "2508"]
[BlackElo "1852"]
[PlyCount "73"]
[EventDate "2021.10.28"]
[EventType "swiss"]
[EventRounds "11"]
[EventCountry "BRA"]
[SourceTitle "CBM 205 Extra"]
[Source "ChessBase"]
[SourceDate "2022.01.31"]
[SourceVersion "1"]
[SourceVersionDate "2022.01.31"]
[SourceQuality "1"]

1. e4 c5 2. Nf3 d6 3. d4 cxd4 4. Nxd4 Nf6 5. Nc3 a6 6. g3 e5 7. Nb3 Be7 8. Bg2 0-0 9. 0-0 b5 10. Re1 Qc7 11. Nd2 Nc6 12. Nf1 Be6 13. Nd5 Bxd5 14. exd5 Nb8 15. Ne3 g6 16. Bd2 Nbd7 17. a4 Nb6 18. axb5 axb5 19. b3 Rxa1 20. Qxa1 Ra8 21. Qd1 Qc5 22. Qe2 b4 23. Rd1 Ra2 24. Be1 e4 25. Qd2 Nbd7 26. Qxb4 Qa7 27. Bxe4 Ne5 28. Bg2 h5 29. h3 Nfd7 30. Bc3 Bf6 31. Qxd6 Nf3+ 32. Bxf3 Bxc3 33. Qe7 Bd4 34. Rxd4 Qxd4 35. Qxd7 Ra1+ 36. Kg2 Qd2 37. Qe8+ 1-0

[Event "Titled Tuesday intern op 12th May"]
[Site "Chess.com INT"]
[Date "2020.05.12"]
[Round "2"]
[White "Ezat, Mohamed Mahmoud"]
[Black "Andrade, Guilherme A de Sou"]
[Result "1-0"]
[WhiteElo "2401"]
[BlackElo "1899"]
[PlyCount "63"]
[EventDate "2020.05.12"]
[EventType "swiss (blitz)"]
[EventRounds "10"]
[EventCountry "USA"]
[SourceTitle "EXT 2021"]
[Source "ChessBase"]
[SourceDate "2020.10.23"]
[SourceVersion "1"]
[SourceVersionDate "2020.10.23"]
[SourceQuality "1"]

1. d4 d5 2. c4 e6 3. Nc3 a6 4. cxd5 exd5 5. Bf4 c6 6. e3 Bd6 7. Bg3 Nf6 8. Bd3 0-0 9. Nf3 Re8 10. Ne5 Nbd7 11. Nxf7 Kxf7 12. Bxd6 Nb6 13. Be5 Nc4 14. Bxc4 dxc4 15. Qf3 Kg8 16. Bxf6 gxf6 17. 0-0 Kf7 18. Ne4 Rg8 19. Qh5+ Kg7 20. Rac1 Be6 21. Qh4 Bd5 22. Ng3 Kh8 23. Rfe1 Qe7 24. e4 Be6 25. d5 Rg4 26. Qh6 Rg6 27. Qf4 Bf7 28. Nf5 Qf8 29. dxc6 bxc6 30. e5 fxe5 31. Qxe5+ Kg8 32. Ne7+ 1-0

[Event "Titled Tuesday intern op 12th May"]
[Site "Chess.com INT"]
[Date "2020.05.12"]
[Round "5"]
[White "Robledo, Cristian"]
[Black "Andrade, Guilherme A de Sou"]
[Result "1-0"]
[WhiteElo "2274"]
[BlackElo "1899"]
[PlyCount "77"]
[EventDate "2020.05.12"]
[EventType "swiss (blitz)"]
[EventRounds "10"]
[EventCountry "USA"]
[SourceTitle "EXT 2021"]
[Source "ChessBase"]
[SourceDate "2020.10.23"]
[SourceVersion "1"]
[SourceVersionDate "2020.10.23"]
[SourceQuality "1"]

1. d4 d5 2. Bg5 Bf5 3. c3 c6 4. Nd2 Nd7 5. f3 Ngf6 6. Bh4 e6 7. Qb3 Qb6 8. e3 Be7 9. Ne2 h6 10. Bf2 0-0 11. g4 Bh7 12. h4 Qxb3 13. axb3 Ne8 14. e4 dxe4 15. fxe4 Nc7 16. Bg2 a6 17. b4 Rad8 18. Nc4 Nb5 19. Nf4 Nd6 20. Nd2 Nc4 21. Nxc4 Nf6 22. Nd2 Nxg4 23. Bf3 Nf6 24. e5 Nd7 25. 0-0-0 Ra8 26. Nb3 Nb6 27. Rdg1 Nc4 28. Be2 Nb6 29. Nh5 Bg6 30. Nf4 Bh7 31. Be3 Rfd8 32. Nh5 Bg6 33. Nxg7 Kxg7 34. h5 Rh8 35. Bd3 Nd5 36. Bd2 Bg5 37. Bxg5 Bxd3 38. Bf6+ Kh7 39. Rg7# 1-0

[Event "Titled Tuesday intern op 5th May"]
[Site "Chess.com INT"]
[Date "2020.05.05"]
[Round "6"]
[White "Alboredo, Julia"]
[Black "Andrade, Guilherme A de Sou"]
[Result "1-0"]
[WhiteElo "2182"]
[BlackElo "1899"]
[PlyCount "41"]
[EventDate "2020.05.05"]
[EventType "swiss (blitz)"]
[EventRounds "10"]
[EventCountry "USA"]
[SourceTitle "EXT 2021"]
[Source "ChessBase"]
[SourceDate "2020.10.23"]
[SourceVersion "1"]
[SourceVersionDate "2020.10.23"]
[SourceQuality "1"]

1. e4 c5 2. Nf3 g6 3. d4 cxd4 4. Nxd4 Bg7 5. c4 Nc6 6. Be3 Qb6 7. Nb3 Qd8 8. Nc3 a5 9. a3 a4 10. Nd5 d6 11. Bb6 Qd7 12. Nc7+ Kf8 13. Nxa8 axb3 14. Qxb3 Nf6 15. Bd3 Qg4 16. 0-0 Bh6 17. Nc7 Kg7 18. Nd5 Be6 19. Nxf6 exf6 20. f3 Be3+ 21. Bxe3 1-0

[Event "Titled Tuesday intern op 5th May"]
[Site "Chess.com INT"]
[Date "2020.05.05"]
[Round "5"]
[White "Liang, Jason"]
[Black "Andrade, Guilherme A de Sou"]
[Result "1-0"]
[WhiteElo "2340"]
[BlackElo "1899"]
[PlyCount "63"]
[EventDate "2020.05.05"]
[EventType "swiss (blitz)"]
[EventRounds "10"]
[EventCountry "USA"]
[SourceTitle "EXT 2021"]
[Source "ChessBase"]
[SourceDate "2020.10.23"]
[SourceVersion "1"]
[SourceVersionDate "2020.10.23"]
[SourceQuality "1"]

1. d4 d5 2. Bf4 Nf6 3. e3 c5 4. c3 Nc6 5. Nd2 Bf5 6. Qb3 Qd7 7. Ngf3 c4 8. Qd1 e6 9. Be2 Bd6 10. 0-0 0-0 11. Ne5 Qc7 12. Ndf3 Bg4 13. Nxg4 Nxg4 14. Bxd6 Qxd6 15. h3 Nf6 16. b4 b5 17. a4 a6 18. Ra3 a5 19. axb5 Ne7 20. Rxa5 Rxa5 21. bxa5 Ra8 22. Qa1 Nd7 23. Rb1 f6 24. Bd1 Kf7 25. Bc2 g6 26. e4 Kg7 27. Qa4 Qc7 28. b6 Qd8 29. exd5 Nxb6 30. Rxb6 Qxb6 31. axb6 Rxa4 32. Bxa4 1-0

[Event "Titled Tuesday intern op 21st April"]
[Site "Chess.com INT"]
[Date "2020.04.21"]
[Round "5"]
[White "Andrade, Guilherme A de Sou"]
[Black "Balleisen, Aaron S"]
[Result "0-1"]
[WhiteElo "1899"]
[BlackElo "2211"]
[PlyCount "54"]
[EventDate "2020.04.21"]
[EventType "swiss (blitz)"]
[EventRounds "10"]
[EventCountry "USA"]
[SourceTitle "EXT 2021"]
[Source "ChessBase"]
[SourceDate "2020.10.23"]
[SourceVersion "1"]
[SourceVersionDate "2020.10.23"]
[SourceQuality "1"]

1. d4 Nf6 2. c4 a6 3. Nc3 c5 4. d5 b5 5. cxb5 axb5 6. Nxb5 Ba6 7. Nc3 g6 8. g3 Bg7 9. Bg2 d6 10. Nf3 0-0 11. 0-0 Nbd7 12. Rb1 Qa5 13. Bd2 Rfb8 14. Qc2 Ng4 15. Rfe1 Nge5 16. b3 Nxf3+ 17. Bxf3 Ne5 18. a4 Qb6 19. Bg2 Ra7 20. h3 Rab7 21. Kh1 Nd7 22. e4 Ne5 23. f4 Nd3 24. Re3 Nb4 25. Qd1 Bd4 26. Re1 Nd3 27. Rg1 Nf2+ 0-1

[Event "Titled Tuesday intern op 14th April"]
[Site "Chess.com INT"]
[Date "2020.04.14"]
[Round "9"]
[White "Andrade, Guilherme A de Sou"]
[Black "Awoki, Daniel Teidi"]
[Result "0-1"]
[WhiteElo "1899"]
[BlackElo "2152"]
[PlyCount "64"]
[EventDate "2020.04.14"]
[EventType "swiss (blitz)"]
[EventRounds "10"]
[EventCountry "USA"]
[SourceTitle "EXT 2021"]
[Source "ChessBase"]
[SourceDate "2020.10.23"]
[SourceVersion "1"]
[SourceVersionDate "2020.10.23"]
[SourceQuality "1"]

1. d4 Nf6 2. c4 e6 3. Nc3 d5 4. cxd5 exd5 5. Bg5 Be7 6. e3 0-0 7. Bd3 Nbd7 8. Qc2 Re8 9. Nge2 c6 10. 0-0 Nf8 11. Rab1 a5 12. f3 Ne6 13. Bh4 g6 14. Bf2 Ng7 15. Ng3 h5 16. e4 dxe4 17. fxe4 Ng4 18. Rbe1 Nxf2 19. Qxf2 Rf8 20. e5 Be6 21. Nge2 Bh4 22. Ng3 Bxg3 23. hxg3 Nf5 24. Ne4 Qxd4 25. Nf6+ Kg7 26. Qxd4 Nxd4 27. Ne4 Bxa2 28. Nd6 b6 29. Re4 c5 30. Ref4 Be6 31. Bxg6 fxg6 32. Rxf8 Rxf8 0-1

[Event "Titled Tuesday intern op 14th April"]
[Site "Chess.com INT"]
[Date "2020.04.14"]
[Round "8"]
[White "Andrade, Guilherme A de Sou"]
[Black "Diaz, Fernando"]
[Result "0-1"]
[WhiteElo "1899"]
[BlackElo "2121"]
[PlyCount "60"]
[EventDate "2020.04.14"]
[EventType "swiss (blitz)"]
[EventRounds "10"]
[EventCountry "USA"]
[SourceTitle "EXT 2021"]
[Source "ChessBase"]
[SourceDate "2020.10.23"]
[SourceVersion "1"]
[SourceVersionDate "2020.10.23"]
[SourceQuality "1"]

1. d4 e5 2. dxe5 d6 3. Nf3 Nc6 4. Nc3 Bg4 5. e4 Nxe5 6. Be2 Qe7 7. 0-0 0-0-0 8. Be3 a6 9. b4 Nf6 10. b5 axb5 11. Nxb5 Nxe4 12. Rb1 Nxf3+ 13. Bxf3 Bxf3 14. Qxf3 g6 15. Na7+ Kd7 16. Rxb7 f5 17. Rd1 Bg7 18. Bb6 Rc8 19. Nxc8 Rxc8 20. Ba5 Qe6 21. h3 Qxa2 22. Bb4 Qxc2 23. Rxd6+ Nxd6 24. Kh2 Nxb7 25. Qd5+ Nd6 26. Bxd6 cxd6 27. Qb5+ Qc6 28. Qe2 Be5+ 29. g3 Qe4 30. Qa2 Rc2 0-1